Hacer visibles a hombres jóvenes desplazados /

Guardado en:
書目詳細資料
主要作者: Brun, Cathrine
格式: Texto
標簽: 添加標簽
沒有標簽, 成為第一個標記此記錄!

MARC

LEADER 00000 a a2200000 04500
001 9734
003
040
100 |a Brun, Cathrine  
245 |a Hacer visibles a hombres jóvenes desplazados /  |c Cathrine Brun 
773 |g número 9; páginas  
999 |c 39384  |d 39384